[Event "PRO League Group Stage"]
[Site "chess.com INT"]
[Date "2019.01.22"]
[Round "3"]
[White "Gulamali, Kazim"]
[Black "Moranda, Wojciech"]
[Result "0-1"]
[WhiteTitle "FM"]
[BlackTitle "GM"]
[WhiteElo "2308"]
[BlackElo "2593"]
[WhiteTeam "Miami Champions"]
[BlackTeam "New York Marshalls"]
[WhiteFideId "2024764"]
[BlackFideId "1122401"]
[EventDate "2019.01.08"]

1. e4 c5 2. Nf3 d6 3. d4 cxd4 4. Qxd4 Nc6 5. Bb5 Bd7 6. Bxc6 Bxc6 7. Nc3 Nf6 8.
Bg5 e6 9. O-O-O Be7 10. Kb1 O-O 11. Rhe1 h6 12. Bh4 Qa5 13. Qd3 Qh5 14. g4 Qxg4
15. Rg1 Qh5 16. Rg2 Kh8 17. Rdg1 Rg8 18. Qe3 Rae8 19. Rg3 e5 20. Bg5 hxg5 21.
Nxg5 Bd7 22. Qf3 Qxf3 23. Nxf7+ Kh7 24. Ng5+ Kg6 25. Nxf3+ Kf7 26. Ng5+ Kf8 27.
Rf3 g6 28. Nd5 Kg7 29. Nxe7 Rxe7 30. Rd1 Bg4 0-1

[Event "PRO League Group Stage"]
[Site "chess.com INT"]
[Date "2019.01.22"]
[Round "3"]
[White "Jacobson, Aaron"]
[Black "Iturrizaga Bonelli, Eduardo"]
[Result "1-0"]
[WhiteTitle "FM"]
[BlackTitle "GM"]
[WhiteElo "2286"]
[BlackElo "2637"]
[WhiteTeam "New York Marshalls"]
[BlackTeam "Miami Champions"]
[WhiteFideId "2089912"]
[BlackFideId "3901211"]
[EventDate "2019.01.08"]

1. e4 c5 2. Nf3 g6 3. d4 cxd4 4. Nxd4 Nc6 5. c4 Nf6 6. Nc3 d6 7. Be2 Bg7 8. Be3
O-O 9. O-O Bd7 10. h3 Nxd4 11. Bxd4 Bc6 12. Qc2 a5 13. Rad1 Nd7 14. Bxg7 Kxg7
15. Bg4 Ne5 16. c5 Nxg4 17. hxg4 Qc8 18. cxd6 Qxg4 19. dxe7 Rfe8 20. Nd5 Bxd5
21. Qc3+ Kg8 22. exd5 Rxe7 23. d6 Rd7 24. Rfe1 h5 25. Qe5 Rad8 26. Rd4 Qf5 27.
Qxf5 gxf5 28. Re5 Rxd6 29. Rxd6 Rxd6 30. Rxa5 Rd1+ 31. Kh2 Rd2 32. Rb5 Rxf2 33.
Kg3 Rf1 34. Rxb7 Kg7 35. a4 f4+ 36. Kh2 Ra1 37. Rb4 Ra2 38. Kg1 Kg6 39. Rxf4
Rxb2 40. Rf2 Rb1+ 41. Rf1 Rb6 42. Ra1 Ra6 43. a5 Kg5 44. Kf2 h4 45. Ra4 Kh5 46.
Kf3 Kg5 47. Ke3 Kh5 48. Kf4 Rf6+ 49. Ke5 Re6+ 50. Kf5 Re2 51. a6 Rf2+ 52. Ke5
Re2+ 53. Kf4 Rxg2 54. Ra5+ f5 55. a7 Rg4+ 56. Kf3 Rg3+ 57. Kf2 Rg8 58. a8=Q Rxa8
59. Rxa8 Kg4 60. Rg8+ Kh3 61. Kf3 Kh2 62. Rh8 h3 63. Rh7 f4 64. Rh6 1-0

[Event "PRO League Group Stage"]
[Site "chess.com INT"]
[Date "2019.01.22"]
[Round "3"]
[White "Katz, Alexander"]
[Black "Azarov, Sergei"]
[Result "0-1"]
[WhiteTitle "IM"]
[BlackTitle "GM"]
[WhiteElo "2433"]
[BlackElo "2575"]
[WhiteTeam "Miami Champions"]
[BlackTeam "New York Marshalls"]
[WhiteFideId "2039796"]
[BlackFideId "13501470"]
[EventDate "2019.01.08"]

1. e4 e5 2. Nf3 Nc6 3. Bc4 Bc5 4. c3 Nf6 5. d3 a6 6. O-O Ba7 7. Bb3 d6 8. Nbd2
O-O 9. h3 h6 10. Re1 Be6 11. Nf1 Bxb3 12. axb3 Re8 13. Be3 Bxe3 14. Nxe3 d5 15.
Qc2 Qd7 16. b4 Rad8 17. Qb3 dxe4 18. dxe4 Nxe4 19. Nc4 Nd6 20. Ncxe5 Nxe5 21.
Nxe5 Qe6 22. Qxe6 Rxe6 23. Nd3 Rxe1+ 24. Rxe1 b6 25. Nf4 Nc4 26. b3 Nd2 27. Re7
Nxb3 28. Rxc7 a5 29. bxa5 bxa5 30. Rb7 Rd1+ 31. Kh2 Nd2 32. Ra7 g5 33. Nd5 Nf1+
34. Kg1 Ne3+ 35. Kh2 Nxd5 36. Rxa5 Nxc3 37. Ra6 Kg7 38. g3 Rd2 39. Kg1 Ne4 40.
f4 Nxg3 41. fxg5 hxg5 42. h4 Ne4 43. hxg5 Nxg5 44. Ra5 Kg6 45. Kf1 f5 46. Ke1
Rb2 47. Kf1 f4 48. Ke1 Kh5 49. Kf1 Kg4 50. Ra4 Kg3 0-1

[Event "PRO League Group Stage"]
[Site "chess.com INT"]
[Date "2019.01.22"]
[Round "3"]
[White "Robson, Ray"]
[Black "Haria, Ravi"]
[Result "1-0"]
[WhiteTitle "GM"]
[BlackTitle "IM"]
[WhiteElo "2667"]
[BlackElo "2450"]
[WhiteTeam "Webster Windmills"]
[BlackTeam "London Lions"]
[WhiteFideId "2023970"]
[BlackFideId "415820"]
[EventDate "2019.01.08"]

1. e4 e6 2. d4 d5 3. Nc3 dxe4 4. Nxe4 Bd7 5. Nf3 Bc6 6. Ned2 Nd7 7. Be2 Ngf6 8.
O-O Be7 9. Nc4 Bb5 10. a4 Bxc4 11. Bxc4 a5 12. Qe2 O-O 13. Re1 Re8 14. Bf4 Nd5
15. Bg3 c6 16. Rad1 Qb6 17. c3 Rad8 18. h4 g6 19. h5 Bf6 20. Nh2 Bg7 21. Ng4
N7f6 22. h6 Bf8 23. Nxf6+ Nxf6 24. Bh4 Nd5 25. Bxd8 Qxd8 26. Bxd5 Qxd5 27. Qd2
Qh5 28. Re5 Qh4 29. g3 Qh3 30. Rxa5 Bxh6 31. Qe2 Bg7 32. d5 b6 33. Ra7 cxd5 34.
Rxd5 h5 35. Rdd7 Rf8 36. Qf3 1-0

[Event "PRO League Group Stage"]
[Site "chess.com INT"]
[Date "2019.01.22"]
[Round "3"]
[White "Durarbayli, Vasif"]
[Black "Harvey, Marcus R"]
[Result "1-0"]
[WhiteTitle "GM"]
[BlackTitle "FM"]
[WhiteElo "2620"]
[BlackElo "2397"]
[WhiteTeam "Webster Windmills"]
[BlackTeam "London Lions"]
[WhiteFideId "13402935"]
[BlackFideId "400092"]
[EventDate "2019.01.08"]

1. e4 e6 2. d4 d5 3. e5 c5 4. c3 Qb6 5. Nf3 Nc6 6. Be2 cxd4 7. cxd4 Nh6 8. Bxh6
gxh6 9. Qd2 Rg8 10. O-O Rg4 11. Rd1 Bd7 12. Nc3 O-O-O 13. h3 Rg7 14. Rac1 Kb8
15. Na4 Qa5 16. Nc5 Qxd2 17. Rxd2 Be8 18. a3 Na5 19. Rdd1 b5 20. Ne1 Nc4 21.
Ned3 Bxc5 22. dxc5 Bc6 23. Nb4 Nxe5 24. f4 a5 25. Nxc6+ Nxc6 26. Bxb5 Kc7 27.
Rd2 h5 28. f5 e5 29. Rcd1 Nd4 30. Rxd4 exd4 31. Rxd4 Rg3 32. Ba4 Rb8 33. Rd2 d4
34. Bd1 Rb5 35. Rxd4 Rxc5 36. Bxh5 Rc2 37. Bf3 Rxb2 38. Rd5 Kb6 39. Rd7 Ra2 40.
Rxf7 Rxa3 41. Kf2 Rg8 42. Rxh7 a4 43. Rb7+ Kc5 44. f6 Rf8 45. f7 Rb3 46. Ra7 a3
47. Kg3 Kb4 48. Kg4 Rd3 49. Be4 Rd6 50. Kf5 Kb3 51. Ke5 Rd2 52. Bd5+ Kb4 53. g4
Kc5 54. Ra5+ Kb4 55. Ra7 Kc5 56. Be6 Rd3 57. g5 Kb6 58. Ra4 Kb5 59. Rd4 Re3+ 60.
Re4 Rf3 61. g6 Rf2 62. g7 a2 63. Bxa2 Rc8 64. g8=Q Rc5+ 65. Bd5 1-0

[Event "PRO League Group Stage"]
[Site "chess.com INT"]
[Date "2019.01.22"]
[Round "3"]
[White "Movsesian, Sergei"]
[Black "Escalante Ramirez, Brian Sebasti"]
[Result "1-0"]
[WhiteTitle "GM"]
[BlackTitle "IM"]
[WhiteElo "2629"]
[BlackElo "2446"]
[WhiteTeam "London Lions"]
[BlackTeam "Webster Windmills"]
[WhiteFideId "310204"]
[BlackFideId "3819566"]
[EventDate "2019.01.08"]

1. e4 c5 2. Nf3 d6 3. Nc3 Nc6 4. Bb5 a6 5. Bxc6+ bxc6 6. e5 Bg4 7. h3 Bh5 8. O-O
d5 9. d3 e6 10. Na4 Qc7 11. Re1 Rd8 12. Bg5 Rd7 13. Qe2 h6 14. Be3 d4 15. Bd2 g5
16. c3 Rd5 17. Rac1 Bxf3 18. Qxf3 Bg7 19. cxd4 cxd4 20. Nc5 Qb6 21. b4 Bxe5 22.
Re2 Bd6 23. Qh5 Nf6 24. Rxe6+ Be7 25. Rxe7+ Kxe7 26. Qf3 Re5 27. Qxf6+ Kxf6 28.
Nd7+ Ke7 29. Nxb6 Re2 30. Rc2 Rb8 31. Bxg5+ 1-0

[Event "PRO League Group Stage"]
[Site "chess.com INT"]
[Date "2019.01.22"]
[Round "3"]
[White "Tan, Justin2"]
[Black "Polgar-Shutzman, Tom"]
[Result "1-0"]
[WhiteTitle "GM"]
[WhiteElo "2502"]
[BlackElo "2181"]
[WhiteTeam "London Lions"]
[BlackTeam "Webster Windmills"]
[WhiteFideId "3206882"]
[BlackFideId "2064880"]
[EventDate "2019.01.08"]

1. e4 c5 2. Nf3 Nc6 3. Bb5 Nf6 4. Bxc6 dxc6 5. d3 Bg4 6. h3 Bh5 7. Bf4 e6 8.
Nbd2 Be7 9. Qe2 Qa5 10. g4 Bg6 11. h4 h5 12. g5 Ng4 13. c3 Rd8 14. Nc4 Qa6 15.
Nfe5 Nxe5 16. Nxe5 O-O 17. a3 Bd6 18. O-O-O b5 19. Qe3 Bxe5 20. Bxe5 b4 21. Qxc5
Rxd3 22. Bd4 bxc3 23. Bxc3 Qb5 24. Qxb5 Rxd1+ 25. Rxd1 cxb5 26. f3 Rc8 27. Rd7
a5 28. Kd2 Ra8 29. Rb7 b4 30. axb4 axb4 31. Bxb4 Ra1 32. Ke2 Rh1 33. Be1 f5 34.
e5 f4 35. Rb4 Rh2+ 36. Bf2 Bd3+ 37. Kxd3 Rxf2 38. g6 Kf8 39. Rxf4+ Ke8 40. Rf7
Rxb2 41. Rxg7 Kf8 42. Rf7+ Kg8 43. Re7 Rb3+ 44. Ke2 Rb6 45. Kf2 Kf8 46. Rf7+ Kg8
47. Rf6 Kg7 48. Kg3 Ra6 49. Kf4 Kh6 50. g7+ Kxg7 51. Kg5 Ra3 52. Kxh5 Re3 53. f4
Rf3 54. Kg4 Rf1 55. Rxe6 Rg1+ 56. Kf5 Kf7 57. Rf6+ Kg7 58. h5 Kh7 59. Rg6 Ra1
60. Kf6 Ra6+ 61. e6 Ra8 62. Kf7 Ra7+ 63. e7 Kh8 64. Rh6# 1-0

[Event "PRO League Group Stage"]
[Site "chess.com INT"]
[Date "2019.01.22"]
[Round "3"]
[White "Bykhovsky, Anatoly"]
[Black "Gao, Rui"]
[Result "0-1"]
[WhiteTitle "GM"]
[BlackTitle "GM"]
[WhiteElo "2496"]
[BlackElo "2543"]
[WhiteTeam "New York Marshalls"]
[BlackTeam "Miami Champions"]
[WhiteFideId "2806991"]
[BlackFideId "8602387"]
[EventDate "2019.01.08"]

1. Nf3 d5 2. g3 g6 3. Bg2 Bg7 4. c4 dxc4 5. Qa4+ Nc6 6. Qxc4 e5 7. d3 Nge7 8.
O-O Be6 9. Qa4 O-O 10. Ng5 Bd7 11. Qd1 h6 12. Ne4 b6 13. Nbc3 Be6 14. Rb1 a5 15.
a3 Nd4 16. b4 axb4 17. axb4 Kh7 18. e3 Ndf5 19. Bb2 Qd7 20. Qc2 Rad8 21. Rfd1
Nd6 22. Ra1 Bg4 23. Rdc1 Ne8 24. Bf1 Bh3 25. Be2 f5 26. Nd2 f4 27. Nce4 fxe3 28.
fxe3 Nd5 29. Nc4 Nxb4 30. Qb3 Nxd3 31. Rd1 Qf5 32. Bxd3 Qf3 33. Qc2 Rxd3 34.
Rxd3 Qf1+ 0-1

[Event "PRO League Group Stage"]
[Site "chess.com INT"]
[Date "2019.01.22"]
[Round "3"]
[White "Yu, Jennifer"]
[Black "Guseinov, Gadir"]
[Result "0-1"]
[WhiteTitle "FM"]
[BlackTitle "GM"]
[WhiteElo "2313"]
[BlackElo "2664"]
[WhiteTeam "Pittsburgh Pawngrabbers"]
[BlackTeam "Montclair Sopranos"]
[WhiteFideId "2078341"]
[BlackFideId "13401378"]
[EventDate "2019.01.08"]

1. g3 g6 2. Bg2 Bg7 3. d4 d6 4. e4 Nf6 5. Ne2 O-O 6. O-O Nbd7 7. b3 c5 8. Bb2
cxd4 9. Nxd4 Nc5 10. Nd2 Bg4 11. f3 Bd7 12. c4 a5 13. Qe2 Qb6 14. Kh1 Na4 15.
bxa4 Qxb2 16. Nb5 Qc2 17. Qd1 Qxd1 18. Rfxd1 Rfc8 19. Rac1 Be6 20. Bf1 Nd7 21.
Rb1 Nc5 22. Na3 Bd7 23. Rdc1 Bc6 24. Nb5 Bh6 25. Rc2 Nxa4 26. Nd4 Bg7 27. Nxc6
bxc6 28. Rb7 Nc5 29. Rb6 Rab8 30. Rxb8 Rxb8 31. f4 a4 32. Kg2 a3 33. Kf3 Bb2 34.
Ke3 Na6 35. Nb1 Nb4 36. Rg2 Nxa2 37. Nxa3 Rb3+ 38. Bd3 Nb4 39. Rxb2 Rxb2 40. c5
Rb3 0-1

[Event "PRO League Group Stage"]
[Site "chess.com INT"]
[Date "2019.01.22"]
[Round "3"]
[White "Shabalov, Alexander"]
[Black "Sevian, Samuel"]
[Result "1/2-1/2"]
[WhiteTitle "GM"]
[BlackTitle "GM"]
[WhiteElo "2529"]
[BlackElo "2647"]
[WhiteTeam "Pittsburgh Pawngrabbers"]
[BlackTeam "Montclair Sopranos"]
[WhiteFideId "2008572"]
[BlackFideId "2040506"]
[EventDate "2019.01.08"]

1. d4 Nf6 2. c4 e6 3. Nc3 Bb4 4. e3 O-O 5. Bd3 d5 6. Nf3 c5 7. O-O dxc4 8. Bxc4
Bd7 9. Bd2 cxd4 10. exd4 Bc6 11. Bg5 h6 12. Bh4 Nbd7 13. d5 exd5 14. Nxd5 Ba5
15. b4 Bxd5 16. Bxd5 Bxb4 17. Rb1 a5 18. Bxb7 Rb8 19. Bc6 Nc5 20. Nd4 Rc8 21.
Nf5 Qxd1 22. Rfxd1 Nce4 23. Bxe4 Nxe4 24. Be7 Nc3 25. Bxb4 axb4 26. Ne7+ Kh7 27.
Nxc8 Nxb1 28. Rxb1 Rxc8 29. g3 Rc4 30. Rb3 Kg6 31. a3 1/2-1/2

[Event "PRO League Group Stage"]
[Site "chess.com INT"]
[Date "2019.01.22"]
[Round "3"]
[White "Lenderman, Aleksandr"]
[Black "Liang, Awonder"]
[Result "1-0"]
[WhiteTitle "GM"]
[BlackTitle "GM"]
[WhiteElo "2637"]
[BlackElo "2589"]
[WhiteTeam "Montclair Sopranos"]
[BlackTeam "Pittsburgh Pawngrabbers"]
[WhiteFideId "2021285"]
[BlackFideId "2056437"]
[EventDate "2019.01.08"]

1. Nf3 Nf6 2. c4 c5 3. Nc3 d5 4. cxd5 Nxd5 5. e3 e6 6. Nxd5 exd5 7. b3 Be7 8.
Bb2 O-O 9. Be2 Nc6 10. O-O Bf6 11. Bxf6 Qxf6 12. Rc1 b6 13. d4 cxd4 14. Nxd4
Nxd4 15. Qxd4 Qxd4 16. exd4 Bf5 17. Ba6 Bc8 18. Bd3 Be6 19. f3 g6 20. Kf2 Kg7
21. Ke3 Kf6 22. Ba6 Bc8 23. Rc6+ Ke7 24. Bb5 a6 25. Bd3 Rb8 26. Rfc1 Bd7 27. Rc7
Kd6 28. Ra7 Ra8 29. Rcc7 Rxa7 30. Rxa7 a5 31. a4 Re8+ 32. Kd2 Re7 33. Ra8 Re8
34. Ra6 Rb8 35. Ra7 Rc8 36. Bb5 Rc7 37. Ra6 Rb7 38. Ra8 Bxb5 39. axb5 Ke6 40.
Rc8 Kd6 41. Rc6+ Kd7 42. g4 Rb8 43. h4 h6 44. h5 Rg8 45. Rxb6 gxh5 46. gxh5 Rg2+
47. Kc3 Rg3 48. Rf6 Ke7 49. Rxh6 Rxf3+ 50. Kb2 Kd7 51. Rh8 Kc7 52. Rh6 Kb7 53.
Rd6 Rf5 54. h6 Rh5 55. Rf6 Rh2+ 56. Ka3 Rh4 57. Ka4 Rxd4+ 58. Kxa5 1-0

[Event "PRO League Group Stage"]
[Site "chess.com INT"]
[Date "2019.01.22"]
[Round "3"]
[White "Smith, Daniel"]
[Black "Postny, Evgeny"]
[Result "0-1"]
[BlackTitle "GM"]
[WhiteElo "2047"]
[BlackElo "2623"]
[WhiteTeam "Montclair Sopranos"]
[BlackTeam "Pittsburgh Pawngrabbers"]
[WhiteFideId "2024195"]
[BlackFideId "2804344"]
[EventDate "2019.01.08"]

1. e4 e5 2. Nf3 Nc6 3. Bc4 Nf6 4. d3 Be7 5. O-O d6 6. c3 O-O 7. Bb3 Na5 8. Bc2
c5 9. d4 cxd4 10. cxd4 Nc6 11. h3 Qb6 12. d5 Nb4 13. Nc3 Nxc2 14. Qxc2 Bd7 15.
Be3 Qa6 16. Qb3 Rfc8 17. Rac1 Bd8 18. Nd2 b5 19. a3 Qb7 20. Kh2 a5 21. Ne2 a4
22. Qa2 Bb6 23. Bg5 Ne8 24. Qb1 Rxc1 25. Nxc1 h6 26. Bh4 f5 27. f3 b4 28. axb4
Bb5 29. Rd1 f4 30. Na2 Qa6 31. Nc3 Bd3 32. Qa2 Be3 33. b3 Rc8 34. Nc4 Bxc4 35.
bxc4 Qxc4 36. Qxc4 Rxc4 37. Be1 Rxb4 38. Ra1 Bd4 39. Ra2 Bxc3 40. Bxc3 Rc4 41.
Bd2 Nc7 42. Kg1 Nb5 43. Kf2 Nd4 44. Ke1 Nb3 45. Kd1 Rd4 46. Ke2 a3 47. Bc3 Nc1+
48. Ke1 Nxa2 49. Bxd4 exd4 0-1

[Event "PRO League Group Stage"]
[Site "chess.com INT"]
[Date "2019.01.22"]
[Round "3"]
[White "Bloomer, Josh"]
[Black "Saric, Ivan"]
[Result "0-1"]
[BlackTitle "GM"]
[WhiteElo "1950"]
[BlackElo "2690"]
[WhiteTeam "Saint Louis Arch Bishops"]
[BlackTeam "Montreal Chessbrahs"]
[WhiteFideId "2020416"]
[BlackFideId "14508150"]
[EventDate "2019.01.08"]

1. e4 g6 2. d4 Bg7 3. Nc3 d6 4. f4 Nf6 5. Nf3 O-O 6. e5 dxe5 7. fxe5 Nd5 8. Bc4
Be6 9. Bxd5 Bxd5 10. Nxd5 Qxd5 11. Qe2 b5 12. a4 b4 13. c4 bxc3 14. bxc3 Nc6 15.
O-O Na5 16. Ba3 Rfe8 17. Rab1 a6 18. Bb4 Nc4 19. Bc5 f6 20. Rb4 Nxe5 21. Nxe5
fxe5 22. Rd1 exd4 23. Bxd4 Rad8 24. Rbb1 e5 25. Be3 Qe4 26. Re1 Qxa4 27. Ra1 Qb3
28. Rxa6 Qxc3 29. Rc1 Qd3 30. Qxd3 Rxd3 31. Bg5 e4 32. h3 e3 33. Re1 e2 34. Ra2
Rd1 35. Bh4 Bc3 0-1

[Event "PRO League Group Stage"]
[Site "chess.com INT"]
[Date "2019.01.22"]
[Round "3"]
[White "Ali Marandi, Cemil Can"]
[Black "Hansen, Eric"]
[Result "1/2-1/2"]
[WhiteTitle "GM"]
[BlackTitle "GM"]
[WhiteElo "2530"]
[BlackElo "2615"]
[WhiteTeam "Saint Louis Arch Bishops"]
[BlackTeam "Montreal Chessbrahs"]
[WhiteFideId "6300529"]
[BlackFideId "2606771"]
[EventDate "2019.01.08"]

1. d4 Nf6 2. Bf4 d5 3. e3 e6 4. Nd2 Bd6 5. Bg3 c5 6. c3 O-O 7. Ngf3 Qc7 8. dxc5
Qxc5 9. Bd3 Nbd7 10. Qe2 Re8 11. e4 dxe4 12. Nxe4 Nxe4 13. Bxe4 Nf6 14. Bc2 h6
15. O-O-O Bxg3 16. hxg3 e5 17. Nd2 Bg4 18. f3 Be6 19. g4 Rad8 20. Ne4 Nxe4 21.
Qxe4 g6 22. Rxh6 Rxd1+ 23. Bxd1 Bxa2 24. g5 Rd8 25. Rh1 b5 26. Re1 Qd6 27. Qe3
b4 28. Bc2 Rc8 29. Qxe5 Qxe5 30. Rxe5 bxc3 31. bxc3 Rxc3 32. Kb2 Rc6 1/2-1/2

[Event "PRO League Group Stage"]
[Site "chess.com INT"]
[Date "2019.01.22"]
[Round "3"]
[White "Thavandiran, Shiyam"]
[Black "So, Wesley"]
[Result "1/2-1/2"]
[WhiteTitle "IM"]
[BlackTitle "GM"]
[WhiteElo "2410"]
[BlackElo "2765"]
[WhiteTeam "Montreal Chessbrahs"]
[BlackTeam "Saint Louis Arch Bishops"]
[WhiteFideId "2605058"]
[BlackFideId "5202213"]
[EventDate "2019.01.08"]

1. e4 e6 2. d4 d5 3. exd5 exd5 4. Nf3 Bd6 5. Bd3 Nc6 6. c3 Nge7 7. O-O Bg4 8.
Re1 Qd7 9. Nbd2 O-O-O 10. b4 Ng6 11. b5 Nce7 12. Qa4 Kb8 13. Ne5 Bxe5 14. dxe5
d4 15. c4 Nf4 16. Bf1 Neg6 17. c5 Rhe8 18. Nc4 Qd5 19. b6 cxb6 20. cxb6 a6 21.
Ba3 Nh4 22. Bd6+ Ka8 23. Ne3 Nh3+ 24. gxh3 Nf3+ 25. Kh1 dxe3 26. Rxe3 Bd7 27.
Qb3 Qxb3 28. axb3 Bc6 29. Bg2 Nd4 30. Bxc6 Nxc6 31. b4 f6 32. b5 Nxe5 33. Bxe5
Rxe5 34. Rxe5 fxe5 35. bxa6 bxa6 36. Rxa6+ Kb7 37. Ra7+ Kxb6 38. Rxg7 Rh8 39.
Re7 Kc5 40. Rxe5+ Kd6 41. Rh5 Ke6 42. Kg2 Kf6 43. Kg3 Kg6 44. Ra5 Rc8 45. Ra6+
Kg7 46. f4 Rc2 47. h4 h5 48. Ra5 Kh6 49. Rg5 Rc3+ 50. Kg2 Rc2+ 51. Kg3 Rc3+ 52.
Kg2 Rc2+ 53. Kg3 1/2-1/2

[Event "PRO League Group Stage"]
[Site "chess.com INT"]
[Date "2019.01.22"]
[Round "3"]
[White "Rodrigue-Lemieux, Shawn"]
[Black "Caruana, Fabiano"]
[Result "0-1"]
[WhiteTitle "FM"]
[BlackTitle "GM"]
[WhiteElo "2293"]
[BlackElo "2828"]
[WhiteTeam "Montreal Chessbrahs"]
[BlackTeam "Saint Louis Arch Bishops"]
[WhiteFideId "2620049"]
[BlackFideId "2020009"]
[EventDate "2019.01.08"]

1. Nf3 d5 2. g3 Bg4 3. Bg2 e6 4. O-O Nd7 5. c4 c6 6. b3 Ngf6 7. Bb2 Bd6 8. d3
O-O 9. Nbd2 Qe7 10. a3 a5 11. h3 Bh5 12. Nd4 Bg6 13. cxd5 exd5 14. Re1 Nc5 15.
N2f3 Ne6 16. Qd2 Nxd4 17. Nxd4 Rfe8 18. Bf3 Qd7 19. Kg2 c5 20. Nc2 d4 21. b4 Bf5
22. Rh1 axb4 23. axb4 Rxa1 24. Bxa1 b6 25. bxc5 bxc5 26. Na3 h6 27. Nc4 Bc7 28.
Bb2 Be6 29. Ba3 Qb5 30. Qc2 Bd5 31. Rb1 Qc6 32. Bxd5 Nxd5 33. Kg1 Qg6 34. Qa4
Rxe2 35. Qa8+ Kh7 36. Qxd5 Bxg3 37. Kh1 Rxf2 38. Rb2 Rf1+ 39. Kg2 Rd1 40. Kf3
Qxd3+ 41. Kg4 Rf1 42. Ne5 Rf4+ 0-1

[Event "PRO League Group Stage"]
[Site "chess.com INT"]
[Date "2019.01.22"]
[Round "3"]
[White "Tan, Justin2"]
[Black "Robson, Ray"]
[Result "0-1"]
[WhiteTitle "GM"]
[BlackTitle "GM"]
[WhiteElo "2502"]
[BlackElo "2667"]
[WhiteTeam "London Lions"]
[BlackTeam "Webster Windmills"]
[WhiteFideId "3206882"]
[BlackFideId "2023970"]
[EventDate "2019.01.08"]

1. f4 d5 2. Nf3 g6 3. e3 c5 4. Bb5+ Nd7 5. c4 a6 6. Bxd7+ Qxd7 7. cxd5 Qxd5 8.
Nc3 Qd8 9. O-O Bg7 10. b3 Nf6 11. Bb2 O-O 12. Qe2 b5 13. Rad1 Bb7 14. d4 cxd4
15. Rxd4 Qb6 16. Rfd1 Ng4 17. R4d3 Rfd8 18. h3 Nf6 19. Kh2 Rxd3 20. Rxd3 Rc8 21.
Ne5 Qc7 22. Nd1 Nd5 23. Nf2 Ba8 24. Kg1 Qb7 25. Nf3 Nb4 26. Rd2 Bxb2 27. Rxb2
Rc3 28. Rd2 Qc7 29. Ng4 Nd5 30. Rd3 Rxd3 31. Qxd3 Qc3 32. Qe4 h5 33. Nh6+ Kg7
34. Nxf7 Kxf7 35. Ne5+ Kf8 36. Nxg6+ Kg7 37. Kh2 Qxe3 38. Qf5 h4 39. Nxh4 Qxf4+
40. Qxf4 Nxf4 41. g4 e6 42. Kg3 Ne2+ 43. Kf2 Nc1 44. a4 Nxb3 45. axb5 axb5 46.
Ke3 b4 0-1

[Event "PRO League Group Stage"]
[Site "chess.com INT"]
[Date "2019.01.22"]
[Round "3"]
[White "Movsesian, Sergei"]
[Black "Durarbayli, Vasif"]
[Result "0-1"]
[WhiteTitle "GM"]
[BlackTitle "GM"]
[WhiteElo "2629"]
[BlackElo "2620"]
[WhiteTeam "London Lions"]
[BlackTeam "Webster Windmills"]
[WhiteFideId "310204"]
[BlackFideId "13402935"]
[EventDate "2019.01.08"]

1. e4 e5 2. Nf3 Nc6 3. Bb5 a6 4. Ba4 Nge7 5. O-O Ng6 6. c3 d5 7. exd5 Qxd5 8. d4
Bg4 9. Nbd2 O-O-O 10. h3 Bxf3 11. Nxf3 exd4 12. Bb3 Qd7 13. cxd4 f6 14. Qe2 Re8
15. Be3 Nf4 16. Qd1 Nd5 17. Bd2 Bb4 18. Rc1 Bxd2 19. Qxd2 Re6 20. Rc5 Rd6 21.
Rfc1 Re8 22. Ba4 Ree6 23. a3 g5 24. b4 Nf4 25. Kf1 b6 26. R5c2 b5 27. Bb3 Re2
28. Qc3 Rxc2 29. Bxc2 Kb8 30. Rd1 h5 31. Qe3 Nd5 32. Qe4 Nc3 33. Qg6 Nxd1 34.
Bxd1 g4 35. hxg4 hxg4 36. Ne1 Rxd4 37. Be2 Qe6 38. Nc2 Qe4 39. Qg8+ Rd8 40. Qb3
Nd4 41. Nxd4 Qxd4 42. g3 Qd5 0-1

[Event "PRO League Group Stage"]
[Site "chess.com INT"]
[Date "2019.01.22"]
[Round "3"]
[White "Escalante Ramirez, Brian Sebasti"]
[Black "Harvey, Marcus R"]
[Result "1-0"]
[WhiteTitle "IM"]
[BlackTitle "FM"]
[WhiteElo "2446"]
[BlackElo "2397"]
[WhiteTeam "Webster Windmills"]
[BlackTeam "London Lions"]
[WhiteFideId "3819566"]
[BlackFideId "400092"]
[EventDate "2019.01.08"]

1. e4 e6 2. d4 d5 3. Bd3 dxe4 4. Bxe4 Nf6 5. Bf3 Bd6 6. Ne2 O-O 7. O-O e5 8.
Nbc3 Bg4 9. Bxb7 exd4 10. Qxd4 c5 11. Qd3 c4 12. Qxc4 Be6 13. Qh4 Nbd7 14. Bxa8
Qxa8 15. Rd1 Bc5 16. h3 Ne5 17. Bg5 Ng6 18. Qg3 Nh5 19. Qf3 Qxf3 20. gxf3 Bxh3
21. Be3 Be7 22. Bxa7 Nh4 23. Rd3 Ra8 24. Bd4 Ra6 25. Be5 Bf5 26. Re3 Bc5 27. Rd1
h6 28. Nd4 Rg6+ 29. Kf1 Bh3+ 30. Ke2 f6 31. Bc7 Kh7 32. Re4 Ng2 33. Nb3 f5 34.
Nxc5 fxe4 35. N5xe4 Rc6 36. Bg3 g5 37. Rh1 Nhf4+ 38. Bxf4 Nxf4+ 39. Ke3 Bg2 40.
Rd1 Kg6 41. Rd2 h5 42. Nd5 Re6 43. Nxf4+ gxf4+ 44. Kxf4 h4 45. Rd1 h3 46. Kg3
Kf5 47. Rd5+ Kg6 48. Rg5+ Kh6 49. Rg4 Rc6 50. c3 Ra6 51. a3 Rb6 52. b4 Ra6 53.
Rh4+ Kg6 54. Rg4+ Kh6 55. Ng5 Rxa3 56. Nxh3 Bxh3 57. Kxh3 Rxc3 58. Kg3 Rb3 59.
Kg2 Kh5 60. Kg3 Rb2 61. Rc4 Kg6 62. f4 Kf5 63. Rc5+ Kf6 64. b5 Rb1 65. Kf3 Ke6
66. Re5+ Kf6 67. Ke4 Rb2 68. f3 Rb4+ 69. Ke3 Rb3+ 70. Kf2 Rb2+ 71. Kg3 Rb1 72.
Rc5 Rb2 73. f5 Kg5 74. f4+ Kf6 75. Kf3 Rb4 76. Kg4 Rb1 77. Rc6+ Kf7 78. b6 Rb2
79. Kf3 Rb4 80. Ke3 Ke7 81. Kf3 Kf7 82. Kg4 Rb1 83. f6 Kg6 84. f5+ Kf7 85. Kf4
Rb2 86. Ke5 Re2+ 87. Kd6 1-0

[Event "PRO League Group Stage"]
[Site "chess.com INT"]
[Date "2019.01.22"]
[Round "3"]
[White "Polgar-Shutzman, Tom"]
[Black "Haria, Ravi"]
[Result "0-1"]
[BlackTitle "IM"]
[WhiteElo "2181"]
[BlackElo "2450"]
[WhiteTeam "Webster Windmills"]
[BlackTeam "London Lions"]
[WhiteFideId "2064880"]
[BlackFideId "415820"]
[EventDate "2019.01.08"]

1. e4 e6 2. d4 d5 3. Nd2 h6 4. Ngf3 Nf6 5. Bd3 c5 6. exd5 exd5 7. dxc5 Bxc5 8.
O-O O-O 9. Nb3 Bb6 10. Nbd4 Nc6 11. Nf5 Ne4 12. Bxe4 dxe4 13. Qxd8 Rxd8 14. N3h4
Kh7 15. Ng3 g5 16. Nhf5 Kg6 17. Ne3 f5 18. Nc4 Bc7 19. a4 Be6 20. Na3 h5 21. h4
gxh4 22. Ne2 Bf7 23. Nf4+ Kf6 24. Be3 Be5 25. c3 Rg8 26. Kh1 Rg4 27. Nh3 Rag8
28. Rg1 f4 29. Bd2 Na5 30. Rae1 Bd5 31. c4 Nxc4 32. Nxc4 Bxc4 33. f3 exf3 34.
gxf3 Rxg1+ 35. Nxg1 Bd5 36. Bc3 Bxc3 37. bxc3 Rg3 38. Rb1 b6 39. Rd1 Bxf3+ 40.
Nxf3 Rxf3 41. Rd7 Rxc3 42. Rxa7 Ra3 43. Ra6 Kf5 44. Rxb6 Rxa4 45. Rb2 Kg4 46.
Kg2 h3+ 47. Kh2 Re4 48. Rb8 Re2+ 49. Kh1 f3 50. Rg8+ Kh4 51. Rg1 f2 52. Rf1 Kg3 0-1